Megadiverse Countries - Statistics

General Stats
  • This quiz has been taken 147,836 times
  • The average score is 13 of 17
Answer Stats
Country % Correct
Brazil
96%
China
93%
United States
93%
Australia
90%
India
89%
Indonesia
83%
Mexico
82%
Colombia
77%
South Africa
75%
D.R. Congo
74%
Peru
74%
Venezuela
70%
Malaysia
64%
Ecuador
61%
Philippines
54%
Madagascar
53%
Papua New Guinea
49%
No matching quizzes found
Score Distribution
Percent of People with Each Score
Percentile by Number Answered
Your Score History
You have not taken this quiz